| 000 | 00704nmc a2200277 a 4500 | ||
|---|---|---|---|
| 003 | AR-BaBNM | ||
| 005 | 20251128202833.0 | ||
| 008 | 037019s1972 ||||||||||||||000 | spa|| | ||
| 040 | _cAR-BaBNM | ||
| 100 | 1 | _aBrunetto Paladino, Guido | |
| 245 | 1 | 0 | _aEl absolutismo |
| 250 | _a1ª ed. | ||
| 260 |
_aBuenos Aires _bKapelusz _c1972 |
||
| 300 | 0 | _a78 p. | |
| 490 | 0 |
_aCuadernos de estudio. Historia universal _vv. 21 |
|
| 504 | _aBibliografía p. 78 | ||
| 650 | 4 | _aHISTORIA EUROPEA | |
| 650 | 4 | _aTOTALITARISMO | |
| 650 | 4 | _aHISTORIA MODERNA | |
| 650 | 4 | _aMONARQUIA | |
| 651 | 4 | _aFrancia | |
| 653 | 0 | _aABSOLUTISMO | |
| 800 | 1 |
_aTraversoni, Alfredo _edirector |
|
| 942 | _cBK | ||
| 998 | _cCarmen | ||
| 999 |
_c812 _d812 |
||